01120nam a2200265Ia 4500001000600000003000900006008004100015040001300056040001300069041001200082100002500094100002900119245005500148245003900203250001100242260001100253260001600264260004900280300005700329500035000386650003900736650003100775700001900806700002900825F7401IT-RoPAU130308s9999 xx 000 0 und d aIT-RoPAU cIT-RoPAU aINGLESE aKleinsteuber Hans J. gCodice Aut. SPICS: 24739 aGermany: the initiative in the Hands of the Lander bDecentralization in The global Era a1a ed. aLONDRA bJohn Libbey c1995 [1° Ed.:1995 - Ed.Ling.Originale:1995] a"17 p. (prefazione: no ; testo: 17 [pagine: 65-81])" aGermania: L'Iniziativa in Mano Ai Lander. Cornice Politica, nazione e Regioni. Specificità delle regioni in Germania. Media e Regioni. Dimensione Culturale e Linguistica. Cornice legale della Televisione in Germania. tv Regionale: Servizio Pubblico, programmi tv Locali, tv Private. Emittenza commerciale Regionale. canali di Pubblico Accesso. aTEORIA DELLA COMUNICAZIONE SOCIALE eCodice materia Spics: 3802 aThomas Barbara gCodice Aut. SPICS: 51672